000 00553nam a2200181 i 4500
001 161096
003 ES-MaACL
005 20250718062546.0
008 970827s1874 sp |||| | spa d
100 1 _aOrtí y Lara, Juan Manuel.
_987534
245 1 0 _aEtica o filosofía moral /
_cJuan Manuel Ortí y Lara.
250 _a6ª ed., corr. y aum.
260 _aMadrid :
_b[s.n.],
_c1874 (
_fImp. de Pascual Conesa)
300 _a206 p. ;
_c21 cm.
650 7 _aÉtica
_2embne
_912577
852 _aES-MaACL
_jC-2948
_z- Enc. hol.
999 _c161096
_d161096